| 000 | 00934nam a22002895i 4500 | ||
|---|---|---|---|
| 001 | 11138 | ||
| 003 | ES-MaACL | ||
| 005 | 20250826040242.0 | ||
| 007 | t| | ||
| 008 | 951106s1995 sp ||||0| spa j | ||
| 020 | _a84-470-0591-7 | ||
| 040 |
_aM-BN _bspa _cM-BN |
||
| 080 | _a351.713(460)(075.8) | ||
| 245 | 0 | 0 |
_aManual del sistema tributario español / _c[dirigido por] Jaime García Añoveros ; Juan Calero Gallego ... [et al.]. |
| 250 | _a3ª ed. | ||
| 260 |
_aMadrid : _bCívitas, _c1995. |
||
| 300 |
_a589 p ; _c24 cm. |
||
| 490 | 1 | _aTratados y manuales | |
| 500 | _a"Edición cerrada a 15 de agosto de 1995"--V. port. | ||
| 504 | _aBibliografía. | ||
| 650 | 0 | 4 |
_aDerecho fiscal- _zEspaña _911709 |
| 700 | 1 |
_aCalero Gallego, Juan. _933658 |
|
| 700 | 1 |
_aGarcía Añoveros, Jaime. _954168 |
|
| 830 | 0 |
_aTratados y manuales _9177416 |
|
| 852 |
_aES-MaACL _jL-18475 _bR.124810 |
||
| 999 |
_c11138 _d11138 |
||